| 000 | 00474nam a2200169 a 4500 | ||
|---|---|---|---|
| 001 | 000017026 | ||
| 005 | 20200929165015.0 | ||
| 008 | 100316s1975 nyu 000 | spa d | ||
| 040 |
_aDO-SdBNP _bspa _cBNPHU |
||
| 082 |
_axxx _bP437a, 1975 |
||
| 100 | 1 |
_aPerera, Hilda _937576 |
|
| 245 | 1 | 0 |
_aAcentuación y puntuación / _cHilda Perera. |
| 250 | _a4a ed. rev. | ||
| 260 |
_aNew York, Estados Unidos : _bMinerva Books, _c1975. |
||
| 300 |
_a128 p. ; _c22 cm. |
||
| 049 | _aBNPD | ||
| 999 |
_c16552 _d16552 |
||